| 000 | 00977nas a2200301 4500 | ||
|---|---|---|---|
| 001 | BR0705994 | ||
| 003 | BR-BrBNA | ||
| 005 | 20231205111234.0 | ||
| 007 | ta | ||
| 008 | 230509b bl.|||p| |||| 00| 00por d | ||
| 040 |
_aBR-BrBNA _bpor _cBiblioteca Nacional de Agricultura |
||
| 041 | _a(Pt) | ||
| 072 | _aL70 | ||
| 100 | 1 | _aChaves, S.M. | |
| 100 | 1 | _aSilva, L.A.F. da | |
| 100 | 1 | _aEurides, D. | |
| 100 | 1 | _aAtayde, I.B. | |
| 100 | 1 | _aMartins, M.E.P. | |
| 100 | 1 | _aFigueredo, E.J. | |
| 245 | 1 | _aComplicações pós-operatórias e viabilidade econômica na obtenção de rufiões bovinos pelos métodos do desvio lateral modificado e da aderência do pênis à parede abdominal | |
| 650 | _aBOVINO | ||
| 650 | _aRUFIÃO | ||
| 650 | _aPÓS-EMERGÊNCIA | ||
| 650 | _aVIABILIDADE ECONOMICA | ||
| 773 | 0 |
_tVeterinária Notícias (Brazil) _xISSN 0104-3463 _g(2003), v. 9(2) p. 45-52 _wBR0705994 |
|
| 909 |
_a202311 _bLúcia _c55 _dLúcia Elande |
||
| 942 |
_2AGRIS _n0 _cANA |
||
| 999 |
_c191542 _d191542 |
||